000 00295nam a22001337a 4500
001 1920
003 OSt
005 20260408124155.0
008 260408b |||||||| |||| 00| 0 eng d
040 _c599Rs
100 _aRanganathan,S.R
245 _aLibrary Classification
942 _2ddc
_cBOOK
_e2nd
_n0
999 _c1920
_d1920